00330nam a2200121Ia 4500008004100000041000800041082001600049100001800065245004500083260004100128300003200169365000700201240624s9999 xx 000 0 und d aeng a343.052 JEE aJEEVANANDAM C aFOREIGN EXCHANGE PRACTICE CONCEPTS AND C c2011aNew DelhibSultan Chand & Sons axxii, : 520 : p. : cm. ; 23 cRS